Leadership roles and management functions in nursing : (Record no. 362666)
[ view plain ]
| 000 -LEADER | |
|---|---|
| fixed length control field | 00473nam a2200145Ia 4500 |
| 008 - FIXED-LENGTH DATA ELEMENTS--GENERAL INFORMATION | |
| fixed length control field | 191111s9999 xx 000 0 und d |
| 020 ## - INTERNATIONAL STANDARD BOOK NUMBER | |
| International Standard Book Number | 9781975117757 |
| 100 ## - MAIN ENTRY--PERSONAL NAME | |
| Personal name | Marquis, Bessie L. |
| 245 ## - TITLE STATEMENT | |
| Statement of responsibility, etc | Bessie L. Marquis.-- |
| Title | Leadership roles and management functions in nursing : |
| Remainder of title | theory and application / |
| 250 ## - EDITION STATEMENT | |
| Edition statement | 9th ed |
| 260 ## - PUBLICATION, DISTRIBUTION, ETC. (IMPRINT) | |
| Place of publication, distribution, etc | USA : |
| Name of publisher, distributor, etc | Wolters Kluwer |
| Date of publication, distribution, etc | 2017 |
| 300 ## - PHYSICAL DESCRIPTION | |
| Extent | xxxiv, 734 pages. |
| 650 ## - SUBJECT ADDED ENTRY--TOPICAL TERM | |
| Topical term or geographic name as entry element | leadership |
| 650 ## - SUBJECT ADDED ENTRY--TOPICAL TERM | |
| Topical term or geographic name as entry element | Nursing services -- administration |
| Withdrawn status | Lost status | Damaged status | Home library | Current library | Shelving location | Date acquired | Source of acquisition | Total Checkouts | Full call number | Barcode | Date last seen | Date checked out | Price effective from | Koha item type |
|---|---|---|---|---|---|---|---|---|---|---|---|---|---|---|
| College Library | College Library | Reserve Section | 11/11/2019 | Library Fund | 1 | RT 89 .M357 2017 | C22020 | 08/29/2023 | 08/11/2023 | 11/11/2019 | Books |